000 00360 a2200145 4500
260 _bMerriam-Webster Inc., Publishers
245 _aWesbster's third new internationaldictionary of the english langage unabridged
300 _a2662p.
260 _aUSA
260 _c1981
130 _lEn.
100 _aGOVE, Philip Babcock
999 _c24614
_d24614